رفع الملام عن الأئمة الأعلام / (رقم التسجيلة. 3437)

تفاصيل مارك
000 -الفاتح
عناصر البيانات ثابتة الطول 00622cam a2200169 i 4500
005 - تاريخ ووقت آخر معاملة
حقل ضبط 20251214120616.0
008 - عناصر البيانات ثابتة الطول
عناصر البيانات ثابتة الطول 250721s1988 ua gr 000 0 ara d
082 14 - رقم تصنيف ديوي العشري
رقم التصنيف 217,1
رقم المادة ت ي م
100 1# - مدخل رئيسي – اسم شخصي
الاسم الشخصي إبن تيمية، تقي الدين أبو العباس أحمد بن عبد الحليم بن عبد
علاقة الشخص بالعمل/ دوره مؤلف.
245 10 - بيان العنوان
العنوان رفع الملام عن الأئمة الأعلام /
264 31 - بيانات النشر، التوزيع…إلخ
مكان النشر، التوزيع...إلخ القاهرة :
اسم الناشر، الموزع...إلخ مكتبة التراث الإسلامي،
تاريخ النشر، التوزيع...إلخ 1988.
300 ## - الوصف المادي
عدد الوحدات المكونة للوعاء 97صفحة.
650 17 - مدخل إضافي بالموضوع - مصطلح موضوعي
مصطلح موضوعي أو اسم جغرافي كعنصر مدخل الإسلام.
650 17 - مدخل إضافي بالموضوع - مصطلح موضوعي
مصطلح موضوعي أو اسم جغرافي كعنصر مدخل المذاهب الإسلامية.
942 ## - بيانات إضافية (كوها)
نوع التنصيف Dewey Decimal Classification
نوع المادة (كوها) كتب
المقتنيات
حالة السحب حالة الفقدان مصدر التصنيف حالة التلف غير قابل للإعارة المكتبة الرئيسية المكتبة الحالية موقع الرف تاريخ التزويد الرقم المتسلسل Total Checkouts رقم الإستدعاء الباركود تاريخ آخر ظهور تاريخ الفاتورة نوع المادة (كوها)
    Dewey Decimal Classification     المكتبة المركزية المكتبة المركزية الإعارة 06/07/2004 142112   217,1 / ت ي م 142112 28/07/2025 06/07/2004 كتب
    Dewey Decimal Classification Unchecked   مكتبة النصر العامة مكتبة النصر العامة الإعارة 06/07/2004 363   217,1/تيم   28/07/2025 06/07/2004 كتب
    Dewey Decimal Classification     مكتبة حمزة العامة مكتبة حمزة العامة الإعارة 15/06/2015 [4237].   217,1/تيم PLD00331367 28/07/2025 15/06/2015 كتب
Implemented & Customized by: BBB with SCIT (Smart Chains for Information Technology)

Powered by Koha